[Event "Polfinal Mistrzostw Polski Niewidomych i Slabowidzacych w szachach"]
[Site "Wagrowiec"]
[Date "1899-12-30"]
[Round "2.7"]
[White "Grzywacz, Ryszard"]
[Black "Wolanski, Michal"]
[Result "0-1"]
[WhiteTitle "I"]
[BlackTitle "I++"]
[WhiteElo "1705"]
[BlackElo "1903"]

1. e4 c5 2. Nc3 Nc6 3. Nf3 g6 4. Bb5 Nd4 5. O-O Nxb5 6. Nxb5 Nf6 7. Nc3 Bg7 8.
Re1 O-O 9. d3 d6 10. h3 Rb8 11. Rb1 b5 12. Bf4 b4 13. Ne2 Be6 14. b3 a5 15. e5
Nd5 16. Bg3 Ra8 17. d4 Re8 18. Qd2 Qc7 19. exd6 exd6 20. Rbc1 Red8 21. Ng5 Bf5
22. c3 bxc3 23. Nxc3 Nxc3 24. Rxc3 Bxd4 25. Rcc1 Qb6 26. Nf3 Bf6 27. Nh4 Be6 28.
Nf3 Qb4 29. Qe3 a4 30. Ng5 Bd4 31. Qf3 Bf5 32. Qd5 Rd7 33. Nxf7 Rxf7 34. Re7 Raf8
35. Bxd6 Qd2 36. Qc4 Bxf2+ 37. Kh1 Qxd6 38. Re2 Bd3 39. Qe6 Qxe6 40. Rxe6 Bg3
0-1

[Event "Polfinal Mistrzostw Polski Niewidomych i Slabowidzacych w szachach"]
[Site "Wagrowiec"]
[Date "1899-12-30"]
[Round "2.8"]
[White "Kaciotys, Mieczyslaw"]
[Black "Pociejowski, Marek"]
[Result "0-1"]
[WhiteTitle "II+"]
[BlackTitle "I++"]
[WhiteElo "1689"]
[BlackElo "1865"]

1. e4 Nf6 2. Nc3 d5 3. e5 Nfd7 4. Nxd5 Nxe5 5. Ne3 c5 6. c3 Nbc6 7. Bb5 Bd7 8.
f4 Ng6 9. Qf3 e6 10. Ne2 Bd6 11. O-O Qc7 12. Bd3 f5 13. g4 Nce7 14. g5 Bc6 15.
Qg3 h6 16. Bc4 Bd7 17. d4 O-O-O 18. Bd2 hxg5 19. Qxg5 Rh4 20. b4 Rdh8 21. bxc5
R8h5 22. Qg3 Bxf4 23. Nxf4 Nxf4 24. Qxg7 Nh3+ 25. Kg2 Rg5+ 26. Qxg5 Nxg5 27. Rh1
Bc6+ 28. d5 exd5 29. Nxd5 Nxd5 30. Bxg5 Rg4+ 31. Kf2 Rxg5 32. Rae1 Qf4+ 33. Ke2
Qxc4+ 0-1

[Event "Polfinal Mistrzostw Polski Niewidomych i Slabowidzacych w szachach"]
[Site "Wagrowiec"]
[Date "1899-12-30"]
[Round "2.9"]
[White "Kulpinski, Piotr"]
[Black "Zelajtys, Jozef"]
[Result "1-0"]
[WhiteTitle "I++"]
[BlackTitle "I"]
[WhiteElo "1860"]
[BlackElo "1682"]

1. Nf3 Nf6 2. d4 d5 3. c4 c6 4. Nc3 g6 5. e3 Bg7 6. Be2 O-O 7. O-O Nbd7 8. b3 Re8
9. Bb2 e6 10. Qc2 Ng4 11. h3 Nh6 12. Rfd1 f5 13. Rac1 Nf6 14. Ne5 Nf7 15. Nb1
Bh6 16. g3 Ng5 17. Kg2 Nge4 18. Nd2 Nxd2 19. Qxd2 Ne4 20. Qe1 a5 21. Rc2 Bf8 22.
a3 Bd6 23. Rcc1 Rf8 24. Ra1 g5 25. f3 Nf6 26. Qc3 Bd7 27. b4 a4 28. Rab1 Be8 29.
Bc1 h6 30. Re1 Nh5 31. Rb2 Kh8 32. Bd1 f4 33. exf4 gxf4 34. g4 Rg8 35. Kh2 Qh4
36. Rg1 Bxe5 37. dxe5 Qg5 38. Rbg2 Ng7 39. Qd4 Rf8 40. Kh1 Bg6 41. cxd5 cxd5 42.
Rh2 Rac8 43. Be2 Rc2 44. h4 Qe7 45. Bxf4 Qf7 46. Bd2 Rc4 47. Qe3 Bh7 48. Bxc4
dxc4 49. Rf1 Qg6 50. Qxh6 Qd3 51. Rhf2 c3 52. Bc1 Qd5 53. Qe3 1-0

[Event "Polfinal Mistrzostw Polski Niewidomych i Slabowidzacych w szachach"]
[Site "Wagrowiec"]
[Date "1899-12-30"]
[Round "2.10"]
[White "Filipiak, Rajmund"]
[Black "Sargalski, Andrzej"]
[Result "1/2-1/2"]
[WhiteTitle "II+"]
[BlackTitle "I++"]
[WhiteElo "1681"]
[BlackElo "1840"]

1. b3 e5 2. Bb2 Nc6 3. c4 Nf6 4. Nc3 d5 5. cxd5 Nxd5 6. g3 Be6 7. Bg2 Bc5 8. Rc1
Bb6 9. Nf3 O-O 10. O-O f5 11. Nxd5 Bxd5 12. d3 e4 13. dxe4 fxe4 14. Ne5 Nxe5 15.
Bxe5 c6 16. Bd4 Qe7 17. e3 Rf7 18. Rc2 Rd8 19. Bxb6 axb6 20. Qc1 Rdf8 21. Rd2
Ra8 22. Qc2 Rff8 23. Rfd1 Ra5 24. Rd4 Re8 25. Bf1 Qa3 26. R1d2 Rc5 27. Qb2 Qxb2
28. Rxb2 Ra8 29. Kg2 Rca5 30. Rdd2 Rc5 31. Rd4 1/2-1/2

[Event "Polfinal Mistrzostw Polski Niewidomych i Slabowidzacych w szachach"]
[Site "Wagrowiec"]
[Date "1899-12-30"]
[Round "2.11"]
[White "Kizym, Lukasz"]
[Black "Wodas, Pawel"]
[Result "0-1"]
[WhiteTitle "II"]
[BlackTitle "I"]
[WhiteElo "1665"]
[BlackElo "1799"]

1. e4 Nf6 2. Nc3 d5 3. exd5 Nxd5 4. Be2 Nc6 5. Nf3 Nf4 6. O-O Nxe2+ 7. Nxe2 Bg4
8. Nc3 Nd4 9. h3 Nxf3+ 10. gxf3 Bxh3 11. Re1 Qd6 12. Ne4 Qg6+ 13. Ng3 h5 14. Kh2
h4 15. Kxh3 0-1

[Event "Polfinal Mistrzostw Polski Niewidomych i Slabowidzacych w szachach"]
[Site "Wagrowiec"]
[Date "1899-12-30"]
[Round "2.12"]
[White "Niecko, Stanislaw"]
[Black "Urbaniak, Karol"]
[Result "1/2-1/2"]
[WhiteTitle "I+"]
[BlackTitle "I"]
[WhiteElo "1753"]
[BlackElo "1592"]

1. Nf3 Nf6 2. c4 g6 3. g3 Bg7 4. Bg2 O-O 5. Nc3 d5 6. cxd5 Nxd5 7. O-O Nc6 8. a3
Bg4 9. Qc2 Nf6 10. Qa4 e5 11. d3 Re8 12. Bg5 Nd4 13. Rfe1 b5 14. Qd1 Rb8 15. Nd2
h6 16. Be3 Be6 17. h3 Nd5 18. Nxd5 Bxd5 19. Rc1 c6 20. Bxd5 Qxd5 21. b4 Bf8 22.
Rc3 Qd7 23. Kg2 Nf5 24. Bc5 Ne7 25. Ne4 Nd5 26. Rc2 f5 27. Nd2 f4 28. Qc1 fxg3
29. Kxg3 Qf5 30. Bxf8 Qf4+ 31. Kg2 Qg5+ 32. Kh2 Rxf8 33. Nf3 Qh5 34. Rg1 Nf4 35.
Rg3 Rf6 36. Qe3 Re8 37. Qe4 Nd5 38. Qg4 Qxg4 39. Rxg4 Nf4 40. Rg1 Kg7 41. Rd1
Nxe2 42. Rxe2 Rxf3 43. Kg2 Rf7 44. d4 Kf6 45. dxe5+ Rxe5 46. Rd6+ Kf5 47. Rxe5+
Kxe5 48. Rxg6 Rf6 49. Rxf6 Kxf6 50. Kf3 Kf5 51. Ke3 Ke5 52. f4+ Kd5 53. Kd3 c5
54. bxc5 Kxc5 55. Ke4 Kd6 56. Kd4 a5 57. f5 Ke7 58. Kc5 b4 59. axb4 axb4 60. Kxb4
Kf6 61. Kc3 Kxf5 62. Kd3 Kf4 63. Ke2 Kg3 64. Kf1 Kxh3 65. Kg1 Kg3 1/2-1/2

[Event "Polfinal Mistrzostw Polski Niewidomych i Slabowidzacych w szachach"]
[Site "Wagrowiec"]
[Date "1899-12-30"]
[Round "2.13"]
[White "Miodonski, Miroslaw"]
[Black "Huzarski, Stanislaw"]
[Result "1/2-1/2"]
[WhiteTitle "II"]
[BlackTitle "I"]
[WhiteElo "1384"]
[BlackElo "1753"]

1. e4 c5 2. Nf3 Nc6 3. d4 cxd4 4. Nxd4 Nf6 5. Nc3 a6 6. Nxc6 dxc6 7. Qxd8+ Kxd8
8. e5 Nd7 9. Bf4 e6 10. O-O-O Bc5 11. Bg5+ Be7 12. h4 h6 13. Be3 b5 14. f4 Kc7
15. Ne4 f6 16. Nd6 fxe5 17. Nf7 Rf8 18. Nxe5 Nxe5 19. fxe5 Rf5 20. g4 Rf3 21.
Kd2 Bb7 22. Be2 Rd8+ 23. Bd3 c5 24. Ke2 c4 25. Bg6 Rxd1 26. Rxd1 Rh3 27. Rf1 Rh2+
28. Rf2 Rxf2+ 29. Bxf2 Bd5 30. c3 a5 31. a3 b4 32. axb4 axb4 33. cxb4 Bxb4 34.
Be1 Bxe1 35. Kxe1 Kc6 36. Kd2 Bf3 37. g5 Kd5 38. Kc3 Be2 39. gxh6 gxh6 40. Be8
Kxe5 41. Bb5 Kd5 42. b3 e5 43. Bxc4+ Bxc4 44. bxc4+ Kc5 45. Kd3 e4+ 46. Kxe4 Kxc4
1/2-1/2

[Event "Polfinal Mistrzostw Polski Niewidomych i Slabowidzacych w szachach"]
[Site "Wagrowiec"]
[Date "1899-12-30"]
[Round "2.14"]
[White "Traczyk, Tadeusz"]
[Black "Loroch, Zygfryd"]
[Result "1-0"]
[WhiteTitle "I"]
[BlackTitle "II"]
[WhiteElo "1809"]
[BlackElo "1427"]

1. e4 e5 2. d4 exd4 3. Qxd4 Nc6 4. Qe3 d6 5. Nc3 Be7 6. Bd2 Nf6 7. Qg3 O-O 8. O-O-O
h6 9. Bxh6 Ng4 10. Be3 Nxe3 11. fxe3 Bf6 12. Qe1 Bxc3 13. Qxc3 Be6 14. Kb1 Qg5
15. Nf3 Qa5 16. Qxa5 Nxa5 17. b3 Rad8 18. h3 c5 19. Be2 f6 20. c4 Bf7 21. Nh4
g5 22. Nf5 Bg6 23. Nxd6 Rd7 24. Bg4 Bxe4+ 25. Nxe4 Rxd1+ 26. Rxd1 f5 27. Nxc5
fxg4 28. hxg4 Rf2 29. Ne4 Rxg2 30. Nc5 Rxg4 31. Rd8+ Kf7 32. Rd4 Rg3 33. Rd3 1-0

[Event "Polfinal Mistrzostw Polski Niewidomych i Slabowidzacych w szachach"]
[Site "Wagrowiec"]
[Date "1899-12-30"]
[Round "2.15"]
[White "Barnowski, Sylwester"]
[Black "Baryla, Damian"]
[Result "1-0"]
[WhiteTitle "I"]
[BlackTitle "II"]
[WhiteElo "1790"]
[BlackElo "1781"]

1. e4 c5 2. Nf3 d6 3. d4 cxd4 4. Nxd4 Nf6 5. Nc3 Nc6 6. Be2 g6 7. Be3 Bg7 8. Qd2
O-O 9. O-O-O Nxd4 10. Bxd4 Be6 11. f3 a6 12. g4 Qa5 13. g5 Ne8 14. h4 Bxd4 15.
Qxd4 Bxa2 16. f4 b5 17. h5 b4 18. Nxa2 Qxa2 19. hxg6 fxg6 20. Bc4+ 1-0

[Event "Polfinal Mistrzostw Polski Niewidomych i Slabowidzacych w szachach"]
[Site "Wagrowiec"]
[Date "1899-12-30"]
[Round "2.16"]
[White "Skiera, Edward"]
[Black "Tobolski, Michal"]
[Result "0-1"]
[WhiteTitle "II"]
[BlackTitle "II"]
[WhiteElo "1421"]
[BlackElo "1514"]

1. e4 e6 2. d4 d5 3. e5 c5 4. c3 Nc6 5. Nf3 cxd4 6. cxd4 Bb4+ 7. Bd2 Nge7 8. Bb5
Qb6 9. Bxc6+ bxc6 10. a3 Bxd2+ 11. Qxd2 Ba6 12. Nc3 Qb3 13. Rb1 Rb8 14. Qd1 O-O
15. Qxb3 Rxb3 16. Nd2 Rb7 17. f4 Bd3 18. Rd1 Rxb2 19. Kf2 Nf5 20. Ne2 Bxe2 21.
Kxe2 Nxd4+ 22. Kf1 Rfb8 23. g3 Nc2 24. Ke2 Nxa3 25. Ra1 Nc4 26. Rhd1 Nxd2 27.
Rxd2 Rxd2+ 28. Kxd2 Rb7 29. Kc3 c5 30. Ra5 Rc7 31. Rb5 Kf8 32. h4 Ke7 33. g4 f6
34. g5 fxe5 35. fxe5 Kd7 36. Rb8 Kc6 37. h5 g6 38. hxg6 hxg6 39. Rg8 Kb5 40. Rxg6
d4+ 41. Kc2 Rd7 42. Rg8 Kc4 43. g6 Kd5 44. g7 Kxe5 45. Kd3 Kf6 46. Rc8 Rxg7 47.
Rxc5 e5 0-1

[Event "Polfinal Mistrzostw Polski Niewidomych i Slabowidzacych w szachach"]
[Site "Wagrowiec"]
[Date "1899-12-30"]
[Round "2.17"]
[White "Staruch, Roman"]
[Black "Bialas, Stanislaw"]
[Result "1-0"]
[WhiteTitle "I++"]
[BlackTitle "II"]
[WhiteElo "1875"]
[BlackElo "1409"]

1. e4 e5 2. f4 Nc6 3. Nf3 d6 4. Bb5 Bd7 5. O-O Nge7 6. fxe5 Nxe5 7. Nxe5 dxe5 8.
Bc4 f6 9. Qh5+ Ng6 10. d4 Qe7 11. b3 O-O-O 12. Ba3 Qe8 13. Bxf8 Nxf8 14. Qd1 Qg6
15. Bd3 Bg4 16. Qe1 Rxd4 17. Nc3 c6 18. Ne2 Rd7 19. Qf2 b6 20. a4 Ne6 21. a5 b5
22. Qe3 Ng5 23. Ng3 Nh3+ 24. gxh3 Bxh3 25. Rf2 h5 26. Kh1 h4 27. Nf5 Bxf5 28.
Rxf5 Qf7 29. Raf1 Qe6 30. Qf3 Rf7 31. Rh5 Rxh5 32. Qxh5 g5 33. Qh8+ Kc7 34. Kg2
Kd6 35. Qd8+ Kc5 36. Rb1 Qd6 37. b4+ Kd4 38. Qxd6+ 1-0

[Event "Polfinal Mistrzostw Polski Niewidomych i Slabowidzacych w szachach"]
[Site "Wagrowiec"]
[Date "1899-12-30"]
[Round "2.19"]
[White "Pawlik, Tomasz"]
[Black "Tyszkiewicz, Adam"]
[Result "1/2-1/2"]
[WhiteTitle "II+"]
[BlackTitle "II"]
[WhiteElo "1648"]
[BlackElo "1396"]

1. e4 d6 2. d4 Nf6 3. Nc3 Nc6 4. Be2 a6 5. Nf3 e6 6. O-O Be7 7. Re1 b5 8. a3 O-O
9. Bf1 Bb7 10. Bg5 Nd7 11. Bxe7 Qxe7 12. d5 Nce5 13. Nxe5 dxe5 14. dxe6 Qxe6 15.
Bd3 Nf6 16. Qe2 c5 17. Nd5 c4 18. Bxc4 bxc4 19. Nc7 Qc6 20. Nxa8 Bxa8 21. f3 Qb5
22. c3 h6 23. Red1 Nd7 24. b4 Nb6 25. Rd2 Na4 26. Qe3 f6 27. Rad1 Bc6 28. Rc2
Kh7 29. Rd6 Rc8 30. Qd2 Bb7 31. Rd7 1/2-1/2

[Event "Polfinal Mistrzostw Polski Niewidomych i Slabowidzacych w szachach"]
[Site "Wagrowiec"]
[Date "1899-12-30"]
[Round "2.20"]
[White "Inglot, Marian"]
[Black "Zarow, Zdzislaw"]
[Result "0-1"]
[WhiteTitle "II"]
[BlackTitle "I"]
[WhiteElo "1394"]
[BlackElo "1639"]

1. e4 e5 2. Nf3 Nf6 3. Nc3 d5 4. Bd3 Bg4 5. exd5 Nxd5 6. Be2 Nf4 7. Nxe5 Nxe2 8.
Nxe2 Bh5 9. O-O Bd6 10. d4 O-O 11. Qe1 Re8 12. Bf4 f6 13. Nf3 Bxf4 14. Qd1 Bxf3
15. gxf3 Qd6 16. Nxf4 Qxf4 17. Kh1 Nc6 18. c3 Rad8 19. Qd3 Ne5 20. Qb5 Nxf3 21.
Qh5 g6 22. Qh3 Rd5 23. Rad1 Rh5 24. Qg3 Rxh2+ 0-1

[Event "Polfinal Mistrzostw Polski Niewidomych i Slabowidzacych w szachach"]
[Site "Wagrowiec"]
[Date "1899-12-30"]
[Round "2.21"]
[White "Gryglewicz, Tadeusz"]
[Black "Jakimczuk, Alicja"]
[Result "1-0"]
[WhiteTitle "II+"]
[BlackTitle "I"]
[WhiteElo "1623"]
[BlackElo "1315"]

1. Nf3 d5 2. d4 Nf6 3. Nc3 e6 4. a3 a6 5. g3 c5 6. Bg2 Nbd7 7. O-O Be7 8. Re1 O-O
9. e4 Nb6 10. dxc5 Bxc5 11. b4 Be7 12. Ne5 dxe4 13. Nxe4 Nxe4 14. Bxe4 Nd5 15.
Bb2 Nf6 16. Bf3 Rb8 17. Qe2 Qc7 18. c4 Nd7 19. Rad1 Bd6 20. Nxd7 Bxd7 21. c5 Bb5
22. Qe3 Be7 23. Be5 Qc8 24. Bxb8 Qxb8 25. Qe5 Qc8 26. Qe4 Bc6 27. Qe2 Bf6 28.
Bxc6 Qxc6 29. Rd6 Qa4 30. Qf3 Bb2 31. Re3 h6 32. Red3 Qc2 33. Qxb7 Be5 34. Rd7
f5 35. Qxa6 f4 36. Qxe6+ Kh8 37. Qxe5 Rf6 38. Rd8+ Kh7 39. Qe4+ Rg6 40. R8d6 Qb1+
41. Kg2 f3+ 42. Qxf3 h5 43. Qf5 h4 44. Qxg6+ Kg8 45. Rd8# 1-0

[Event "Polfinal Mistrzostw Polski Niewidomych i Slabowidzacych w szachach"]
[Site "Wagrowiec"]
[Date "1899-12-30"]
[Round "2.22"]
[White "Lazuka, Jan"]
[Black "Bzowski, Grzegorz"]
[Result "0-1"]
[WhiteTitle "III"]
[BlackTitle "II+"]
[WhiteElo "1264"]
[BlackElo "1614"]

1. e4 e6 2. Nc3 d5 3. exd5 exd5 4. d4 Nf6 5. h3 Bf5 6. Bd3 Bg6 7. Bxg6 hxg6 8.
a3 Nc6 9. Nf3 Qe7+ 10. Qe2 O-O-O 11. Qxe7 Bxe7 12. O-O Ne4 13. Nxe4 dxe4 14. Ne5
Nxe5 15. dxe5 Rh5 16. Bf4 g5 17. Be3 g4 18. hxg4 Rxe5 19. Rad1 Bg5 20. Rxd8+ Kxd8
21. Bd4 Rd5 22. Bxg7 Rd2 23. Re1 Bh4 24. g3 Be7 25. Rxe4 Rxc2 26. f4 f6 27. f5
Rxb2 28. g5 Rb1+ 29. Kg2 fxg5 30. f6 Bxa3 31. f7 Kd7 32. Kh3 Rf1 33. f8=Q Bxf8
34. Bxf8 Rxf8 35. Kg4 c5 36. Kxg5 b5 37. g4 c4 0-1

[Event "Polfinal Mistrzostw Polski Niewidomych i Slabowidzacych w szachach"]
[Site "Wagrowiec"]
[Date "1899-12-30"]
[Round "2.23"]
[White "Wegner, Wieslaw"]
[Black "Czarnecki, Zbigniew"]
[Result "1-0"]
[WhiteTitle "II"]
[BlackTitle "II"]
[WhiteElo "1610"]
[BlackElo "1296"]

1. d4 Nf6 2. c4 e6 3. Nc3 Bb4 4. e3 d5 5. Nf3 Nbd7 6. a3 Bxc3+ 7. bxc3 O-O 8. Be2
b6 9. Qc2 h6 10. O-O c5 11. Bb2 Ba6 12. Nd2 cxd4 13. cxd4 Rc8 14. e4 dxc4 15.
Nxc4 b5 16. Rac1 bxc4 17. Qa4 1-0

[Event "Polfinal Mistrzostw Polski Niewidomych i Slabowidzacych w szachach"]
[Site "Wagrowiec"]
[Date "1899-12-30"]
[Round "2.24"]
[White "Spionkowski, Fabian"]
[Black "Jagiello, Jerzy"]
[Result "1-0"]
[WhiteTitle "II"]
[BlackTitle "II"]
[WhiteElo "1233"]
[BlackElo "1601"]

1. e4 c5 2. Nf3 Nc6 3. Bb5 Qc7 4. Nc3 e6 5. Bxc6 Qxc6 6. d4 cxd4 7. Nxd4 Qc4 8.
Bf4 Bb4 9. Qd2 Bxc3 10. Qxc3 Qxc3+ 11. bxc3 a6 12. Bd6 Ne7 13. O-O O-O 14. Bxe7
Re8 15. Bd6 b5 16. f3 e5 17. Nf5 Bb7 18. h4 f6 19. Ne3 Rec8 20. c4 bxc4 21. Rab1
Ra7 22. Nf5 Kf7 23. Ne7 Re8 24. Bc5 Rxe7 25. Bxa7 d5 26. Bc5 Rc7 27. Bd6 Rd7 28.
Rfe1 29. d4 30. Red1 Bc6 31. Bc5 Ba4 32. Rd2 Rc7 33. Ba3 c3 34. Rf2 1-0

[Event "Polfinal Mistrzostw Polski Niewidomych i Slabowidzacych w szachach"]
[Site "Wagrowiec"]
[Date "1899-12-30"]
[Round "2.25"]
[White "Wyrzykowski, Jozef"]
[Black "Jagiello, Adolf"]
[Result "1/2-1/2"]
[WhiteTitle "I"]
[BlackTitle "II"]
[WhiteElo "1600"]
[BlackElo "1233"]

1. c4 e5 2. Nc3 d6 3. g3 c6 4. Bg2 Nf6 5. d4 Nbd7 6. b3 Be7 7. Bb2 Qc7 8. d5 c5
9. e3 a6 10. Nge2 Nb6 11. Ne4 Nxe4 12. Bxe4 f5 13. Bg2 Bd7 14. O-O 1/2-1/2

[Event "Polfinal Mistrzostw Polski Niewidomych i Slabowidzacych w szachach"]
[Site "Wagrowiec"]
[Date "1899-12-30"]
[Round "3.1"]
[White "Zoltek, Tadeusz"]
[Black "Kowalczyk, Marian"]
[Result "1-0"]
[WhiteTitle "FM"]
[BlackTitle "I++"]
[WhiteElo "2091"]
[BlackElo "1920"]

1. Nf3 d5 2. d4 Nf6 3. c4 e6 4. Nc3 Be7 5. Bg5 O-O 6. e3 b6 7. cxd5 Nxd5 8. Bxe7
Qxe7 9. Bd3 Nd7 10. Nxd5 exd5 11. Qc2 Nf6 12. Rc1 c5 13. dxc5 Bg4 14. Nd4 bxc5
15. Nc6 Qb7 16. Qxc5 Qxb2 17. O-O Qxa2 18. Nb4 Qb2 19. Nxd5 Nxd5 20. Qxd5 Be6
21. Qa5 Qb6 22. Ra1 f5 23. Be2 Qxa5 24. Rxa5 a6 25. Rxa6 Rxa6 26. Bxa6 Ra8 27.
Bb7 Ra7 28. Bf3 Kf7 29. h4 g6 30. g3 Kf6 31. Rb1 Ra6 32. Kg2 h6 33. Rc1 Bd7 34.
Rd1 Ke7 35. e4 fxe4 36. Bxe4 Bc6 37. Bxc6 Rxc6 38. h5 g5 39. g4 Rc4 40. Kg3 Rc3+
41. f3 Rb3 42. Ra1 Rb6 43. Kf2 Kf6 44. Ra7 Rb2+ 45. Kg3 Rb6 46. Rh7 Ke5 47. Rf7
Ra6 48. Rf5+ Ke6 49. Rb5 Kf6 50. Kf2 Re6 51. Rb7 Ra6 52. Rd7 Rb6 53. Ke3 Rb3+
54. Ke4 Rb4+ 55. Kd5 Rf4 56. Rh7 Rxf3 57. Rxh6+ Kf7 58. Rg6 Ra3 59. Rc6 Ra4 60.
Rc4 Ra5+ 61. Ke4 Kf6 62. Rc6+ Kg7 63. Rd6 Kf7 64. Rd5 Ra4+ 65. Kf5 1-0

[Event "Polfinal Mistrzostw Polski Niewidomych i Slabowidzacych w szachach"]
[Site "Wagrowiec"]
[Date "1899-12-30"]
[Round "3.2"]
[White "Wolanski, Michal"]
[Black "Rutkowski, Jerzy"]
[Result "1/2-1/2"]
[WhiteTitle "I++"]
[BlackTitle "I+"]
[WhiteElo "1903"]
[BlackElo "2031"]

1. c4 Nf6 2. g3 c6 3. Bg2 e6 4. Nf3 d5 5. b3 Bd6 6. O-O e5 7. Bb2 Nbd7 8. cxd5
cxd5 9. Nc3 a6 10. e3 O-O 11. a4 e4 12. Ne1 Ne5 13. d4 Nc6 14. f3 Bb4 15. fxe4
Bxc3 16. Bxc3 Bg4 17. Qc2 Rc8 18. e5 Nh5 19. Qd2 g6 20. Nd3 b6 21. Nf4 Nxf4 22.
Rxf4 Be6 23. Raf1 a5 24. Bb2 Nb4 25. Rc1 Rxc1+ 26. Bxc1 Qe7 27. Ba3 Rc8 28. Rf1
Qg5 29. Bxb4 axb4 30. Rc1 Qd8 31. Kf2 h5 32. h4 Qd7 33. Bf1 f6 34. Rxc8+ Qxc8
35. Bd3 Bf5 36. exf6 Qe6 37. Qc2 Bxd3 38. Qxd3 Qxf6+ 39. Kg2 Qe6 40. Kf2 1/2-1/2

[Event "Polfinal Mistrzostw Polski Niewidomych i Slabowidzacych w szachach"]
[Site "Wagrowiec"]
[Date "1899-12-30"]
[Round "3.4"]
[White "Stolarczyk, Anna"]
[Black "Kulpinski, Piotr"]
[Result "1/2-1/2"]
[WhiteTitle "WCM"]
[BlackTitle "I++"]
[WhiteElo "1934"]
[BlackElo "1860"]

1. d4 d5 2. c4 c6 3. Nf3 Nf6 4. Nc3 e6 5. cxd5 exd5 6. Bg5 Be7 7. e3 Nbd7 8. Bd3
O-O 9. O-O Re8 10. a3 Ne4 11. Bxe7 Qxe7 12. Qc2 Nf8 13. b4 a6 14. Rfc1 g6 15.
Rab1 Bf5 16. a4 Nxc3 17. Qxc3 Bxd3 18. Qxd3 Rec8 19. Qb3 Qd6 20. Ne5 Nd7 21. Nd3
Nb6 22. Nc5 Qe7 23. Rc2 Nc4 24. Ra2 b6 25. Nd3 a5 26. b5 Ra7 27. bxc6 Rac7 28.
Qb5 Rxc6 29. Qxd5 Nxe3 30. Qf3 Nc4 1/2-1/2

[Event "Polfinal Mistrzostw Polski Niewidomych i Slabowidzacych w szachach"]
[Site "Wagrowiec"]
[Date "1899-12-30"]
[Round "3.5"]
[White "Wodas, Pawel"]
[Black "Traczyk, Tadeusz"]
[Result "1-0"]
[WhiteTitle "I"]
[BlackTitle "I"]
[WhiteElo "1799"]
[BlackElo "1809"]

1. b3 e5 2. Bb2 Nc6 3. c4 Nf6 4. Nc3 d6 5. g3 Be7 6. Bg2 O-O 7. Nf3 Bg4 8. O-O
h6 9. h3 Be6 10. d3 a6 11. a3 Rb8 12. b4 Qd7 13. Kh2 Nd4 14. Nxd4 exd4 15. Nd5
c5 16. Nxe7+ Qxe7 17. e3 dxe3 18. fxe3 Nd7 19. Rf4 Ne5 20. bxc5 Ng6 21. cxd6 Qxd6
22. Rd4 Qc7 23. Qd2 Rfd8 24. Rf1 Rxd4 25. exd4 f6 26. Be4 Bf7 27. Qf2 Nf8 28.
d5 Qe7 29. Re1 Qd6 30. c5 Qd8 31. Qd4 Bg6 32. d6 Bxe4 33. Qxe4 Qd7 34. Qd5+ Qf7
35. Qd4 Re8 36. Rxe8 Qxe8 37. Qf2 Qe6 38. Qg2 Qb3 39. d4 Nd7 40. Qe2 Nf8 41. h4
Qd5 42. Kg1 Ne6 43. Qe3 Kf7 44. Qf2 Kg8 45. Qg2 Qxg2+ 46. Kxg2 Kf7 47. Kf3 f5
48. a4 1-0

[Event "Polfinal Mistrzostw Polski Niewidomych i Slabowidzacych w szachach"]
[Site "Wagrowiec"]
[Date "1899-12-30"]
[Round "3.6"]
[White "Pawelec, Bartosz"]
[Black "Filipiak, Rajmund"]
[Result "1-0"]
[WhiteTitle "k"]
[BlackTitle "II+"]
[WhiteElo "2010"]
[BlackElo "1681"]

1. e4 c5 2. a3 Nc6 3. b4 e6 4. b5 Nce7 5. d4 cxd4 6. Qxd4 d5 7. e5 Qc7 8. Bd3 Ng6
9. Nf3 Bc5 10. Qb2 b6 11. h4 Bb7 12. h5 N6e7 13. h6 g6 14. Nbd2 Rc8 15. Nb3 Nf5
16. g4 Nfe7 17. Rh3 Ba8 18. Bg5 Rd8 19. O-O-O Bb7 20. Nbd4 Bxd4 21. Qxd4 Qc5 22.
Qb4 Rc8 23. Bf6 Nxf6 24. exf6 Ng8 25. Qxc5 bxc5 26. g5 c4 27. Be2 Rc7 28. Ne5
Rc5 29. a4 1-0

[Event "Polfinal Mistrzostw Polski Niewidomych i Slabowidzacych w szachach"]
[Site "Wagrowiec"]
[Date "1899-12-30"]
[Round "3.7"]
[White "Sargalski, Andrzej"]
[Black "Miodonski, Miroslaw"]
[Result "1-0"]
[WhiteTitle "I++"]
[BlackTitle "II"]
[WhiteElo "1840"]
[BlackElo "1384"]

1. e4 Nf6 2. e5 Nd5 3. d4 d6 4. c4 Nb6 5. f4 N8d7 6. Bd3 e6 7. Nf3 c5 8. Be3 cxd4
9. Bxd4 d5 10. b3 Bb4+ 11. Bc3 Qe7 12. a3 Bxc3+ 13. Nxc3 dxc4 14. bxc4 O-O 15.
Ne4 Nc5 16. Nd6 Rd8 17. Ng5 f5 18. O-O h6 19. Ngf7 Rd7 20. Rf3 Ne4 21. Bxe4 fxe4
22. Rg3 Nxc4 23. Qg4 g5 24. Nxh6+ Kf8 25. Nhf7 Nxd6 26. Nxd6 Rxd6 27. exd6 Qxd6
28. Rd1 Qxf4 29. Qxg5 Qxg5 30. Rxg5 Ke7 31. Rg8 Kf6 32. Rdd8 Ke5 33. Rxc8 Rxc8
34. Rxc8 1-0

[Event "Polfinal Mistrzostw Polski Niewidomych i Slabowidzacych w szachach"]
[Site "Wagrowiec"]
[Date "1899-12-30"]
[Round "3.9"]
[White "Tobolski, Michal"]
[Black "Niecko, Stanislaw"]
[Result "1/2-1/2"]
[WhiteTitle "II"]
[BlackTitle "I+"]
[WhiteElo "1514"]
[BlackElo "1753"]

1. e4 Nc6 2. Nf3 e5 3. Bc4 Nf6 4. Ng5 d5 5. exd5 b5 6. dxc6 bxc4 7. O-O Bc5 8.
h3 O-O 9. Nc3 h6 10. Nge4 Nxe4 11. Nxe4 Bb6 12. b3 Qd5 13. Qf3 Rd8 14. Re1 f5
15. Nc3 Qxf3 16. gxf3 cxb3 17. axb3 Bd4 18. Bb2 Rd6 19. Ra2 Rg6+ 20. Kh2 Bxf2
21. Re2 Bg1+ 22. Kh1 Bd4 23. Nd5 Rd6 1/2-1/2

[Event "Polfinal Mistrzostw Polski Niewidomych i Slabowidzacych w szachach"]
[Site "Wagrowiec"]
[Date "1899-12-30"]
[Round "3.10"]
[White "Huzarski, Stanislaw"]
[Black "Debowska, Teresa"]
[Result "0-1"]
[WhiteTitle "I"]
[BlackTitle "WFM"]
[WhiteElo "1753"]
[BlackElo "1730"]

1. e4 c5 2. Nf3 Nc6 3. d4 cxd4 4. Nxd4 g6 5. Be3 Bg7 6. Be2 Nf6 7. Nc3 O-O 8. O-O
d5 9. Nxc6 bxc6 10. e5 Nd7 11. f4 e6 12. Bf3 Qa5 13. Qd2 Qc7 14. Ne2 c5 15. c3
Ba6 16. Rfc1 Nb6 17. b3 Rad8 18. g4 f6 19. exf6 Bxf6 20. a4 Qd6 21. Ra2 d4 22.
Rd1 Nd5 23. Bxd5 Qxd5 24. c4 Qe4 25. Bf2 Bb7 26. Kf1 Qg2+ 27. Ke1 Qxh2 28. Qd3
Qh1+ 29. Kd2 Qf3 30. Qxf3 Bxf3 31. g5 Bg7 32. Bg3 d3 33. Ke3 Bxe2 0-1

[Event "Polfinal Mistrzostw Polski Niewidomych i Slabowidzacych w szachach"]
[Site "Wagrowiec"]
[Date "1899-12-30"]
[Round "3.11"]
[White "Staruch, Roman"]
[Black "Kizym, Lukasz"]
[Result "1-0"]
[WhiteTitle "I++"]
[BlackTitle "II"]
[WhiteElo "1875"]
[BlackElo "1665"]

1. e4 e5 2. Nf3 Nc6 3. Bc4 Bc5 4. O-O Nf6 5. d3 O-O 6. Bg5 h6 7. Bh4 Be7 8. Nc3
d6 9. Bxf6 Bxf6 10. h3 Re8 11. a3 Be6 12. Bxe6 fxe6 13. Nh2 d5 14. Ng4 Rf8 15.
Ne2 d4 16. Ng3 Bg5 17. Qb1 g6 18. Qa2 Qd7 19. Qc4 Rf7 20. b4 b5 21. Qxb5 a6 22.
Qc4 Raf8 23. a4 Kg7 24. b5 axb5 25. axb5 Rf6 26. Qxc6 Qxc6 27. bxc6 1-0

[Event "Polfinal Mistrzostw Polski Niewidomych i Slabowidzacych w szachach"]
[Site "Wagrowiec"]
[Date "1899-12-30"]
[Round "3.12"]
[White "Zarow, Zdzislaw"]
[Black "Mettel, Werner"]
[Result "1/2-1/2"]
[WhiteTitle "I"]
[BlackTitle "I"]
[WhiteElo "1639"]
[BlackElo "1742"]

1. e4 e5 2. Bc4 Nc6 3. Nf3 Be7 4. d4 exd4 5. Nxd4 Ne5 6. Bb3 Nf6 7. Nc3 O-O 8.
f4 Nc6 9. e5 Ne8 10. Ne4 d5 11. Nf2 Nxd4 12. Qxd4 c6 13. Be3 Nc7 14. c3 Ne6 15.
Qd2 Bc5 16. Rd1 Qb6 17. Bxc5 Nxc5 18. Bc2 Kh8 19. b4 Nd7 20. Qd3 g6 21. O-O Re8
22. Kh1 Nf8 23. Qg3 Qc7 24. Qg5 Qe7 25. Qh6 Bd7 26. h4 f6 27. Rde1 Qg7 28. Qxg7+
Kxg7 29. exf6+ Kxf6 30. g4 Re7 31. Rxe7 Kxe7 32. f5 Re8 33. Nd3 gxf5 34. gxf5
Kf6 35. Nc5 Bc8 36. Rf2 b6 37. Nb3 Re3 1/2-1/2